| 000 | 00711nam a22001697a 4500 | ||
|---|---|---|---|
| 020 | _a032814603X | ||
| 020 | _a9780328146031 | ||
| 050 |
_aPE1119 A1 _b.F34 2007 |
||
| 100 | _aForesman, Scott | ||
| 245 |
_aELL Teaching Guide : _bGrade 5 Reading Street / _cScott Foresman |
||
| 250 | _aGrade 5 | ||
| 260 |
_a[USA] : _bPearson Education, Inc., _cc2007. |
||
| 300 | _8iv, 284 p. : | ||
| 500 | _aIncludes multilingual summaries. | ||
| 650 |
_xReading (Elementary) ; _xReaders (Elementary) ; _xReading (Primary) ; _xLanguage arts (Elementary) ; _xReading comprehension -- Study and teaching (Elementary) ; _xReading comprehension -- Study and teaching (Primary) ; _xLanguage arts (Primary) ; _xReading. |
||
| 942 |
_2lcc _cGEN |
||
| 999 |
_c8895 _d8895 |
||